000
00344nam a2200133Ia 4500
008
100328s9999 xx 000 0 und d
082
_b
34838
100
_a
बोरकर कमलाकर
245
_a
तडीपार
260
_b
त्रिदल
630
_a
तडीपार
730
_a
तडीपार
942
_c
BOOK
999
_c
524893
_d
524890